000 00903 a2200445 4500
000 BKB
001 069915
005 20200902150402.0
008
010 _a
020 _a
082 _a658.4012
_bB46E
100 1 _aBesanko, David
110 _a
245 1 _aEconomics of strategy
_cby David Besanko...[et.al.]
250 _a3rd ed.
260 _aIndia
_bWiley
_c2011
300 _a632p.
490 _a
_v
500 _a
600 _a
610 _a
611 _a
630 _a
650 _a
651 _a
654 _a
690 _aStrategic planning--Economic aspects; Managerial economics
700 _aDranove, David
_b
_c
710 _a
_b
_c
711 _a
720 _a
730 _a
740 _a
752 _a
856 _a
_d
_f
904 _a
964 _a
_b
_c
_d
_e
_f
_g
965 _a
999 _c3449
_d3449